000 00338nam a2200145Ia 4500
008 150201s2004 xx 000 0 und d
082 _a301
_bM.A.KHAN
100 _aKHAN,MA.A
245 _aSOCIOLOGY FOR NURSES
250 _a1ST
260 _bACADEMIC PUBLISHERS
_aDELHI
_c2004
300 _a1-254
650 _aNURSING
942 _2ddc
_cBK
999 _c4100
_d4100